| 000 | 00507nam a2200169Ia 4500 | ||
|---|---|---|---|
| 999 |
_c21817 _d21817 |
||
| 003 | OSt | ||
| 005 | 20200519110745.0 | ||
| 008 | 190216s9999||||xx |||||||||||||| ||und|| | ||
| 020 | _a9781851683932 | ||
| 040 | _coclc | ||
| 082 |
_a340.59 _bSAD/L |
||
| 100 |
_aSadr, Muhammad Baqir AS _92417 |
||
| 245 | 0 |
_aLessons In Islamic Jurisprudence / _cMuhammad Baqir AS Sadr |
|
| 260 |
_bOneworld Oxford, _c2007. _aEngland: |
||
| 300 | _a208p | ||
| 942 |
_cBK _2ddc _h340.59 _iSAD/L _k340.59 _mSAD/L |
||